Normal view MARC view
  • Martí Parreño, José

Entry Nombre Personal

Number of records used in: 1

001 - NUMERO DE CONTROL

  • campo de control: 49698

003 - IDENTIFICADOR DE NUMERO DE CONTROL

  • campo de control: UPN

005 - FECHA Y HORA DE LA ÜLTIMA TRANSACCIÓN

  • campo de control: 20230811122919.0

008 - DATOS DE LONGITUD FIJA

  • campo de control de longitud fija: 230811|| acn||aabn | a|a d

024 7# - OTROS IDENTIFICADORES NORMALIZADOS

  • Fuente: orcid
  • Número normalizado o código: https://orcid.org/0000-0001-5928-7956

040 ## - FUENTE DE CATALOGACIÓN

  • Agencia original de catalogación: MX-MxUPN

100 ## - ENCABEZAMIENTO - NOMBRE PERSONAL

  • Nombre personal: Martí Parreño, José

370 ## - LUGAR ASOCIADO

  • Associated country: España

371 ## - DIRECCIÓN

  • Electronic mail address: jmartip@universidadviu.com

372 ## - CAMPO DE ACTIVIDAD

  • Field of activity: Artes. Pintura. Plástica contemporáneo.
  • Field of activity: Marketing. Gamificación.

373 ## - GRUPO ASOCIADO

  • Associated group: Universidad Internacional de Valencia. Facultad de Ciencias Sociales y Jurídicas.

374 ## - OCUPACIÓN

  • Occupation: Profesor - investigador universitario

670 ## - FUENTE EN LA QUE SE LOCALIZARON DATOS

  • Cita de la fuente: En sitio web: Universidad Internacional de Valencia. Portal de investigación.
  • Información localizada: (José Martí Parreño)
  • Uniform Resource Identifier: https://portaldeinvestigacionviu.com/es/main/profile/2

902 ## - CATALOGADOR

  • Catalogador: Leonor Sotres/110823